/Zumbi dos Palmares em cordel (Record no. 13943)

MARC details
000 -LÍDER
campo de controle de tamanho fixo 00454 a2200169 4500
001 - NÚMERO DE CONTROLE
campo de controle 13943
020 ## - ISBN - INTERNATIONAL STANDARD BOOK NUMBER
ISBN - International Standard Book Number 9788571606029
040 ## - FONTE DA CATALOGAÇÃO
Instituição que transcreveu o registro Anchieta - Aquarius
100 ## - ENTRADA PRINCIPAL--NOME PESSOAL
Nome pessoal Costa, Madu
240 10 - TÍTULO UNIFORME
Título uniforme /Zumbi dos Palmares em cordel
Idioma da obra por
245 10 - TÍTULO
Título /Zumbi dos Palmares em cordel
300 ## - DESCRIÇÃO FÍSICA
Extensão 191
362 0# - DATAS DE PUBLICAÇÃO E/OU DESIGNAÇÃO SEQUENCIAL
Datas de publicação e/ou designação sequencial 2013
440 #1 - DECLARAÇÃO DE SÉRIE/ENTRADA ADICIONADA--TÍTULO
Título Mazza Edições
650 #4 - ASSUNTO--TERMO TÓPICO
Cabeçalho tópico ou nome geográfico Pessoas em literatura, história, biografia, genealogia (incluindo historiadores)
942 ## - ELEMENTOS DE ENTRADA ADICIONADOS (KOHA)
Tipo de material Koha Livros
Holdings
Situação do descarte Situação das perdas Situação física Não pode ser emprestado Biblioteca de origem Biblioteca atual Data de aquisição Total de empréstimos Número de chamada completo Código de barras Data de último acesso Data do preço efetivo Tipo de material Koha
        Colégio Anchieta - Aquarius Colégio Anchieta - Aquarius 21/11/2023   928 COS /AN 5576/AQU 21/11/2023 21/11/2023 Livros
        Colégio Anchieta - Pituba Colégio Anchieta - Pituba 21/11/2023   LJ 028.5 C837z COS ZUM 15803/PIT 21/11/2023 21/11/2023 Livros
        Colégio Anchieta - Pituba Colégio Anchieta - Pituba 21/11/2023   LJ 028.5 C837z COS ZUM 17254/PIT 21/11/2023 21/11/2023 Livros
        Colégio Anchieta - Pituba Colégio Anchieta - Pituba 21/11/2023   LJ 028.5 C837z COS ZUM 17255/PIT 21/11/2023 21/11/2023 Livros